Statistics for Payday 2 contracters

Click here to take the quiz!

General Stats

  • This quiz has been taken 10 times
  • The average score is 10 of 16

Answer Stats

HintAnswer% Correct
bain
100%
the dentist
100%
the butcher
88%
the elephant
88%
vlad
88%
locke
75%
classic
63%
hector
63%
jimmy
63%
jiu feng
63%
gemma mc shay
50%
HiddenHoxton
50%
the continental
50%
events
38%
shayu
38%
blaine keegan
25%

Score Distribution

Percentile by Number Answered

Percent of People with Each Score

Your Score History

You have not taken this quiz